| 000 | 00579nam a2200229Ia 4500 | ||
|---|---|---|---|
| 003 | OSt | ||
| 005 | 20220924152624.0 | ||
| 006 | a|||||r|||| 00| 0 | ||
| 007 | ta | ||
| 008 | 220923b |||||||| |||| 00| 0 guj d | ||
| 024 | _a343412 | ||
| 037 | _cTextual | ||
| 040 |
_aARTS _cARTS _bguj |
||
| 041 |
_2guj _aguj |
||
| 082 | _aO15,1A,1, 156J9.1-.2 | ||
| 100 | _aValmiki | ||
| 245 | 0 | _aValmiki ramayan | |
| 260 | _c1959 | ||
| 650 |
_aSANSKRIT POETRY _9155567 |
||
| 942 |
_hO15,1A,1, 156J9.1-.2 _cTEXL _2CC |
||
| 999 |
_c470459 _d470459 |
||